Responses for show #3864 - Thursday, May 24, 2001

Contestants

[<< previous game]

Carl Brownell, a high school teacher from Evanston, Illinois

Bridget Derbyshire, a high school English teacher from Meraux, Louisiana

Ken Beckrich, a consultant from Lawton, Michigan (whose 1-day cash winnings total $11,400)

[next game >>]

Jeopardy! Round responses

SHAKESPEARE PITCHES TO HOLLYWOOD
SALAD DRESSING
OLYMPIC EVENTS
(Alex: You have to name the sport)
STARS ON FLAGS
QUEENS
JUST FOR THE "HALL" OF IT
    $100 1
(C: What is "Hamlet?")

"Macbeth"

BridgetCarl
    $100 17
Mayonnaise

Carl
    $100 7
Skiing

Bridget
    $100 22
2

Bridget
    $100 9
Queen Elizabeth II

Bridget
    $100 6
Hallmark

Bridget
    $200 2
"Romeo and Juliet"

Bridget
    $200 27
Caesar salad

Carl
    $200 8
Swimming

Ken
    $200 23
1

Ken
    $200 10
Cleopatra

Ken
    $200 18
Jerry Hall

Ken
    $300 3
(B: What is "Hamlet?")
(C: What is Richard..."Richard II?")

"Richard III"

KenBridgetCarl
    $300 28
(K: What is French?)

Russian dressing

Ken
Triple Stumper
    $300 14
Track & field

Bridget
    $300 24
5

Bridget
    $300 11
Isabella

Bridget
    $300 19
Hallelujah

Ken
    $400 4
"Othello"

Ken
    $400 29
Olive oil

Bridget
    $400 15
Fencing

Bridget
    $400 25
9

Ken
    $500 12
Marie Antoinette

Bridget
    $400 20
Anthony Michael Hall

Carl
    $500 5
"Taming of the Shrew"

Carl
    $500 30
Vinaigrette

Triple Stumper
    $500 16
Shooting

Bridget
    $500 26
50 (USA)

Carl
    $500 13
Queen Victoria

Bridget
    $500 21
Hallucination

Triple Stumper

Scores at the first commercial break (after clue 14):

Ken Bridget Carl
$1,100 $1,900 $100

Scores at the end of the Jeopardy! Round:

Ken Bridget Carl
$1,900 $3,600 $1,300

Double Jeopardy! Round responses

GENERAL SCIENCE
OSCAR'S SUPPORTING ACTORS
VICE PRESIDENT & SENATOR
BEAUTY
ROCK ME, AMADEUS
CRAC
(Alex: Chat room abbreviation category)
    $200 24
Moon

Bridget
    $200 2
Robin Williams

Bridget
    $200 12
(C: Who was Goldwater?)

Hubert Humphrey

KenCarl
    $200 19
Pamela Anderson

Ken
    $200 1
Vienna

Bridget
    $200 16
Fact

Bridget
    $400 21
The Beagle

Ken
    $400 3
(B: Who was Jason Robards?)

Jack Lemmon

BridgetCarl
    $400 13
Aaron Burr

Ken
    $400 25
Bathsheba

Ken
    $400 4
Salzburg

Carl
    $400 17
A Nice Day

Triple Stumper
    $600 20
Microscope

Ken
    $600 6
Sir John Gielgud

Bridget
    $600 10
John C. Calhoun

Carl
    $600 27
Bernadette Peters

Bridget
    $600 5
"Jupiter Symphony"

Ken
    $600 18
Ta Ta

Triple Stumper
    $1,000 22
Stegosaurus

Ken
    $800 7
A Fish Called Wanda

Bridget
    $800 14
Walter Mondale

Triple Stumper
    $800 28
Phoebe

Ken
    $800 9
"Eine kleine Nachtmusik"

Ken
    $800 26
(B: What is this message?)

The Manual

Bridget
Triple Stumper
    $1000 23
(minute to go...)

Melanin

Triple Stumper
    $1000 8
John Houseman

Carl
    $1000 15
Dan Quayle

Bridget
    $1000 29
Gabrielle Reece

Bridget
    $1,500 11
(C: Who was Beethoven?)

Salieri

Carl
    $1000 30
A Lawyer

Triple Stumper

Scores at the end of the Double Jeopardy! Round:

Ken Bridget Carl
$7,300 $7,200 $2,000

[wagering suggestions for these scores]

Final Jeopardy! Round responses

STATE MOTTOES
CarlWhat is "Live free or die!"
$1,000
BridgetWhat is ?
$6,200
KenWhat is In God We Trust
$7,101
"Live Free or Die"

Final scores:

Ken Bridget Carl
$199 $1,000 $3,000
3rd place: Ducane 2004SS Gas Grill 2nd place: Trip to Edinburgh, Scotland courtesy of Priceline.com New champion: $3,000

Game dynamics:

Coryat scores:

Ken Bridget Carl
$7,100 $7,100 $3,500
18 R
(including 1 DD),
1 W
23 R
(including 1 DD),
3 W
9 R,
4 W
(including 1 DD)

Combined Coryat: $17,700

The J! Archive is created by fans, for fans. The Jeopardy! game show and all elements thereof, including but not limited to copyright and trademark thereto, are the property of Jeopardy Productions, Inc. and are protected under law. This website is not affiliated with, sponsored by, or operated by Jeopardy Productions, Inc. Join the discussion at JBoard.tv.